| 000 | 03137nam0a2200397 4500 | ||
|---|---|---|---|
| 001 | RU\NLR\BIBL_A\012902030 | ||
| 005 | 20230116135833.0 | ||
| 010 |
_a978-5-88045-545-4 _9500 |
||
| 021 |
_aRU _bКН-П-22-052427 _9КН-П-22-4555 |
||
| 035 | _a(NLR Aleph) 012902030 | ||
| 035 | _a(RuMoRGB)011170176 | ||
| 090 |
_a12584140 _c12584140 |
||
| 100 | _a20221004d2022 k y0rusy50 ca | ||
| 101 | 0 |
_arus _deng |
|
| 102 | _aRU | ||
| 105 | _a |||z|||000zy | ||
| 181 | 0 |
_ai3 _baxxe |
|
| 182 | 0 | _an | |
| 200 | 1 |
_aОрганизационно-педагогические основы адаптивной физической культуры и адаптивного спорта студентов с ограниченными возможностями здоровья _eмонография _fНикифорова О. Н. _gРоссийский государственный аграрный университет - МСХА имени К. А. Тимирязева, Кафедра физической культуры |
|
| 203 |
_aТекст _bвизуальный _cнепосредственный |
||
| 210 |
_aМосква _cПерспектива _d2022 |
||
| 215 |
_a185 с. _cил., табл. _d21 |
||
| 300 | _aРез. англ. | ||
| 320 | _aБиблиогр.: с. 153-157 (61 назв.) | ||
| 330 | _aВ монографии рассматриваются базовые теоретические концепции адаптивной физической культуры и адаптивного спорта при работе со студентами, имеющими различные ограничения в двигательных возможностях. Предназначено для преподавателей кафедр физической культуры высших и средних учебных заведений, учителей физической культуры общеобразовательных школ, инструкторов-методистов клубов по месту жительства, социальных педагогов и психологов, работающих с инвалидами в сфере адаптивной физической культуры и адаптивного спорта | ||
| 606 | 1 |
_aФизическая культура и спорт _xПреподавание _xСпециальные медицинские группы _xВысшая школа _92493704 _3RU\NLR\AUTH\661479449 |
|
| 606 | 1 |
_aФизическая культура и спорт для лиц с ограниченными возможностями здоровья _xВысшая школа _92128643 _3RU\NLR\AUTH\661588405 |
|
| 675 |
_a796.012-056.26 _v4 |
||
| 686 | 1 | _aЧ511.14 | |
| 686 | 1 | _aЧ511.153.18 | |
| 686 | 1 | _aЧ486.73-292 | |
| 700 | 1 |
_aНикифорова _bО. Н. _cканд. пед. наук, физ. воспитание _f1967- _gОльга Николаевна _9165916 _3RU\NLR\AUTH\770165963 |
|
| 942 | _cBOOK | ||
| 980 | _aNB | ||